Políticas Culturales en América Latina /

Contiene ensayos: Políticas Culturales y Crisis de Desarrollo: Un Balance Latinoamericano: Néstor García Canclini; La Política Cultural en la Epoca de Reagan: J. Franco; Los Pueblos Indios, sus Culturas y las Políticas Culturales: G. Bonfil; Estado, Mercado y Necesidades Populares: Las Políticas Cul...

Descripció completa

Guardat en:
Dades bibliogràfiques
Autor principal: García Canclini, Néstor (ed.)
Format: Llibre
Idioma:espanyol
Publicat: México : Grijalbo, 1987
Col·lecció:(Enlace. Cultura y Sociedad)
Matèries:
Etiquetes: Afegir etiqueta
Sense etiquetes, Sigues el primer a etiquetar aquest registre!

MARC

LEADER 00000nam^a2200000^a^4500
001 000022149
005 20250521000000.0
009 20260310084445.828
020 |a 968-419-663-6 
037 |a Acervo ITESO - Biblioteca 
041 |a ESP 
082 |a 306. 4  |b GAR 
100 |a García Canclini, Néstor  |e (ed.) 
245 1 0 |a Políticas Culturales en América Latina /  |c N. García Canclini (Ed.). 
264 1 |a México :  |b Grijalbo,  |c 1987 
300 |a 217 p. 
336 |a texto  |b txt  |2 rdacontenido 
337 |a sin mediación  |b n  |2 rdamedio 
338 |a volumen  |b nc  |2 rdasoporte 
440 1 |a (Enlace.  |p Cultura y Sociedad) 
520 |a Contiene ensayos: Políticas Culturales y Crisis de Desarrollo: Un Balance Latinoamericano: Néstor García Canclini; La Política Cultural en la Epoca de Reagan: J. Franco; Los Pueblos Indios, sus Culturas y las Políticas Culturales: G. Bonfil; Estado, Mercado y Necesidades Populares: Las Políticas Culturales en Brasil: S. Miceli; Campo Cultural y Democratización en Argentina: Oscar Landi; Políticas Culturales y Democracia; Hacia una Teoría de las Oportunidades: José J. Brunner. 
649 |a XX 
650 |a Cultura -  |z Latinoamérica 
650 |a Antropología -  |z Latinoamérica 
650 |a Política Cultural 
910 |a Fondo General 
920 |a Impresos - Libros 
930 |a Colección General 
905 |a 101 
901 |a 0221490100  |b IT1  |c ACC  |i 022149  |u 20250521 
902 |a https://opac.biblio.iteso.mx/vufind/Record/000022149